<?xml version="1.0" encoding="UTF-8"?>
<record
    xmlns:xsi="http://www.w3.org/2001/XMLSchema-instance"
    xsi:schemaLocation="http://www.loc.gov/MARC21/slim http://www.loc.gov/standards/marcxml/schema/MARC21slim.xsd"
    xmlns="http://www.loc.gov/MARC21/slim">

  <leader>00597nas a2200193 a 4500</leader>
  <controlfield tag="001">000031626</controlfield>
  <controlfield tag="003">DLC</controlfield>
  <controlfield tag="005">20241114143911.0</controlfield>
  <controlfield tag="008">110628c19269999dr  r1p       0    0spa d</controlfield>
  <datafield tag="040" ind1=" " ind2=" ">
    <subfield code="a">DO-SdBNP</subfield>
    <subfield code="b">spa</subfield>
    <subfield code="c">DO-SdBNP</subfield>
    <subfield code="e">rda</subfield>
  </datafield>
  <datafield tag="043" ind1=" " ind2=" ">
    <subfield code="a">nwdr</subfield>
  </datafield>
  <datafield tag="245" ind1="0" ind2="0">
    <subfield code="a">La tribuna m&#xE9;dica :</subfield>
    <subfield code="b">revista de medicina y ciencias naturales.</subfield>
  </datafield>
  <datafield tag="260" ind1=" " ind2=" ">
    <subfield code="a">Santo Domingo,</subfield>
    <subfield code="c">1926.</subfield>
    <subfield code="f">Cromos</subfield>
  </datafield>
  <datafield tag="310" ind1=" " ind2=" ">
    <subfield code="a">Mensual</subfield>
  </datafield>
  <datafield tag="362" ind1="0" ind2=" ">
    <subfield code="a">A&#xF1;o 2, 2 &#xE9;poca, no.5 (agosto 1926)</subfield>
  </datafield>
  <datafield tag="500" ind1=" " ind2=" ">
    <subfield code="a">Director: Viriato A. Fiallo</subfield>
  </datafield>
  <datafield tag="650" ind1=" " ind2="4">
    <subfield code="a">Medicina</subfield>
    <subfield code="z">Rep&#xFA;blica Dominicana</subfield>
    <subfield code="v">PUBLICACIONES PERI&#xD3;DICAS</subfield>
    <subfield code="9">57828</subfield>
  </datafield>
  <datafield tag="942" ind1=" " ind2=" ">
    <subfield code="2">ddc</subfield>
    <subfield code="c">ISSUE</subfield>
  </datafield>
  <datafield tag="952" ind1=" " ind2=" ">
    <subfield code="0">0</subfield>
    <subfield code="1">0</subfield>
    <subfield code="3">No se presta</subfield>
    <subfield code="7">1</subfield>
    <subfield code="8">SE</subfield>
    <subfield code="a">PD</subfield>
    <subfield code="b">PD</subfield>
    <subfield code="c">RE</subfield>
    <subfield code="d">2011-06-28</subfield>
    <subfield code="e">31604-1-48</subfield>
    <subfield code="h">A&#xF1;o.2:no.5. 2 &#xE9;poca(1926:ago.)</subfield>
    <subfield code="i">192608011926080620110628</subfield>
    <subfield code="l">0</subfield>
    <subfield code="o">5</subfield>
    <subfield code="p">31626-5-1</subfield>
    <subfield code="r">2020-08-08</subfield>
    <subfield code="w">2020-08-08</subfield>
    <subfield code="y">ISSUE</subfield>
    <subfield code="z">Perteneci&#xF3; a la bbilioteca personal de Carlos Larrazabal Blanco</subfield>
  </datafield>
  <datafield tag="952" ind1=" " ind2=" ">
    <subfield code="0">0</subfield>
    <subfield code="1">0</subfield>
    <subfield code="3">No se presta</subfield>
    <subfield code="7">1</subfield>
    <subfield code="8">SE</subfield>
    <subfield code="a">PD</subfield>
    <subfield code="b">PD</subfield>
    <subfield code="c">RE</subfield>
    <subfield code="d">2011-06-28</subfield>
    <subfield code="e">31604-1-48</subfield>
    <subfield code="h">A&#xF1;o.5:no.50. 2 &#xE9;poca(1931:mar.)</subfield>
    <subfield code="i">193103011931030620110628</subfield>
    <subfield code="l">0</subfield>
    <subfield code="o">50</subfield>
    <subfield code="p">31626-50-1</subfield>
    <subfield code="r">2020-08-08</subfield>
    <subfield code="w">2020-08-08</subfield>
    <subfield code="y">ISSUE</subfield>
    <subfield code="z">Perteneci&#xF3; a la bbilioteca personal de Carlos Larrazabal Blanco</subfield>
  </datafield>
  <datafield tag="952" ind1=" " ind2=" ">
    <subfield code="0">0</subfield>
    <subfield code="1">0</subfield>
    <subfield code="3">No se presta</subfield>
    <subfield code="7">1</subfield>
    <subfield code="8">SE</subfield>
    <subfield code="a">PD</subfield>
    <subfield code="b">PD</subfield>
    <subfield code="c">RE</subfield>
    <subfield code="d">2011-06-28</subfield>
    <subfield code="e">31604-1-48</subfield>
    <subfield code="h">A&#xF1;o.2:no.6. 2 &#xE9;poca(1926:sept.)</subfield>
    <subfield code="i">192609011926090620110628</subfield>
    <subfield code="l">0</subfield>
    <subfield code="o">6</subfield>
    <subfield code="p">31626-6-1</subfield>
    <subfield code="r">2020-08-08</subfield>
    <subfield code="w">2020-08-08</subfield>
    <subfield code="y">ISSUE</subfield>
    <subfield code="z">Perteneci&#xF3; a la bbilioteca personal de Carlos Larrazabal Blanco</subfield>
  </datafield>
  <datafield tag="952" ind1=" " ind2=" ">
    <subfield code="0">0</subfield>
    <subfield code="1">0</subfield>
    <subfield code="3">No se presta</subfield>
    <subfield code="7">1</subfield>
    <subfield code="8">SE</subfield>
    <subfield code="a">PD</subfield>
    <subfield code="b">PD</subfield>
    <subfield code="c">RE</subfield>
    <subfield code="d">2011-06-28</subfield>
    <subfield code="e">31604-1-48</subfield>
    <subfield code="h">A&#xF1;o.2:no.7. 2 &#xE9;poca(1926:oct.)</subfield>
    <subfield code="i">192610011926100620110628</subfield>
    <subfield code="l">0</subfield>
    <subfield code="o">7</subfield>
    <subfield code="p">31626-7-1</subfield>
    <subfield code="r">2020-08-08</subfield>
    <subfield code="w">2020-08-08</subfield>
    <subfield code="y">ISSUE</subfield>
    <subfield code="z">Perteneci&#xF3; a la bbilioteca personal de Carlos Larrazabal Blanco</subfield>
  </datafield>
  <datafield tag="952" ind1=" " ind2=" ">
    <subfield code="0">0</subfield>
    <subfield code="1">0</subfield>
    <subfield code="3">No se presta</subfield>
    <subfield code="7">1</subfield>
    <subfield code="8">SE</subfield>
    <subfield code="a">PD</subfield>
    <subfield code="b">PD</subfield>
    <subfield code="c">RE</subfield>
    <subfield code="d">2011-06-28</subfield>
    <subfield code="e">31604-1-48</subfield>
    <subfield code="h">A&#xF1;o.2:no.8. 2 &#xE9;poca(1926:nov.)</subfield>
    <subfield code="i">192611011926110620110628</subfield>
    <subfield code="l">0</subfield>
    <subfield code="o">8</subfield>
    <subfield code="p">31626-8-1</subfield>
    <subfield code="r">2020-08-08</subfield>
    <subfield code="w">2020-08-08</subfield>
    <subfield code="y">ISSUE</subfield>
    <subfield code="z">Perteneci&#xF3; a la bbilioteca personal de Carlos Larrazabal Blanco</subfield>
  </datafield>
  <datafield tag="952" ind1=" " ind2=" ">
    <subfield code="0">0</subfield>
    <subfield code="1">0</subfield>
    <subfield code="3">No se presta</subfield>
    <subfield code="7">1</subfield>
    <subfield code="8">SE</subfield>
    <subfield code="a">PD</subfield>
    <subfield code="b">PD</subfield>
    <subfield code="c">RE</subfield>
    <subfield code="d">2011-06-28</subfield>
    <subfield code="e">31604-1-48</subfield>
    <subfield code="h">A&#xF1;o.2:no.9. 2 &#xE9;poca(1926:dic.)</subfield>
    <subfield code="i">192612011926120620110628</subfield>
    <subfield code="l">0</subfield>
    <subfield code="o">9</subfield>
    <subfield code="p">31626-9-1</subfield>
    <subfield code="r">2020-08-08</subfield>
    <subfield code="w">2020-08-08</subfield>
    <subfield code="y">ISSUE</subfield>
    <subfield code="z">Perteneci&#xF3; a la bbilioteca personal de Carlos Larrazabal Blanco</subfield>
  </datafield>
  <datafield tag="999" ind1=" " ind2=" ">
    <subfield code="c">31118</subfield>
    <subfield code="d">31118</subfield>
  </datafield>
</record>
